000 00413nam a22001577a 4500
005 20231130093341.0
008 231130b |||||||| |||| 00| 0 eng d
041 _aEnglish
082 _a338.9 STR
100 _lEnglish
245 _aStress /
_cJ Robbertze and Steyn, K
260 _c1963
300 _b39 pages ;
_c33 cm.
650 _aLegal practice
_bLaw
942 _cBK
_6ALISON_BN_VRIES
999 _c1078
_d1078